[Event "1st WMSG Rapid Ind w"]
[Site "Beijing CHN"]
[Date "2008.10.05"]
[Round "3"]
[White "Hernandez Guerrero,Y"]
[Black "Swathi,G"]
[Result "0-1"]
[WhiteElo "2228"]
[BlackElo "2320"]

1.d4 Nf6 2.Nf3 e6 3.c4 b6 4.g3 Ba6 5.Qc2 Bb7 6.Bg2 c5 7.O-O cxd4 8.Nxd4 Bxg2
9.Kxg2 Qc8 10.Bf4 d6 11.Qa4+ Nfd7 12.Bg5 h6 13.Be3 Be7 14.Nc3 O-O 15.Rac1 Qb7+
16.Kg1 Rc8 17.Rfd1 Ne5 18.Ncb5 a6 19.Na3 Nbd7 20.b4 h5 21.Qb3 h4 22.Bf4 Ng6
23.Qf3 Qxf3 24.Nxf3 Nxf4 25.gxf4 d5 26.cxd5 Rxc1 27.Rxc1 exd5 28.Rc7 Rd8
29.Nc2 Bd6 30.Ra7 h3 31.e3 Nb8 32.Kf1 Rc8 33.Nfd4 Kf8 34.a3 g6 35.Ke2 g5
36.fxg5 Bxh2 37.g6 fxg6 38.Rh7 Be5 39.Rxh3 Nc6 40.Nf3 Bf6 41.Rh7 Kg8 42.Rb7 Nd8
43.Rxb6 Rxc2+ 44.Kd3 Rc3+ 45.Kd2 Rc6 46.Rb8 Kf7 47.b5 axb5 48.Rxb5 Ke6 49.a4 Nf7
50.Rb8 Nd6 51.Rg8 Ne4+ 52.Ke2 Kf7 53.Ra8 Rc2+ 54.Kd1 Rxf2 55.Ra7+ Ke6 56.Ra6+ Kf5
57.Ne1 Rd2+ 58.Kc1 Bb2+ 59.Kb1 Nc3+  0-1

[Event "Belgrade Premier League"]
[Site "Belgrade SRB"]
[Date "2008.10.07"]
[Round "3"]
[White "Brkljaca,A"]
[Black "Pikula,D"]
[Result "1/2-1/2"]
[WhiteElo "2366"]
[BlackElo "2576"]

1.Nf3 Nf6 2.d4 e6 3.c4 b6 4.g3 Ba6 5.Qa4 Bb7 6.Bg2 c5 7.O-O Be7 8.dxc5 bxc5
9.Nc3 O-O 10.Rd1 Qb6 11.Qc2 h6 12.b3 d6 13.Bf4 Rd8 14.h3 Nc6 15.g4 e5 16.Bg3 Nd4  1/2-1/2

[Event "1st WMSG Blitz Pair"]
[Site "Beijing CHN"]
[Date "2008.10.08"]
[Round "10"]
[White "Adianto,U"]
[Black "Greet,A"]
[Result "1-0"]
[WhiteElo "2554"]
[BlackElo "2440"]

1.d4 Nf6 2.c4 e6 3.Nf3 b6 4.g3 Ba6 5.Nbd2 Bb4 6.Qc2 O-O 7.Bg2 d5 8.O-O c5
9.dxc5 Bxc5 10.a3 Nbd7 11.Qa4 Bb7 12.b4 Be7 13.cxd5 Nxd5 14.Bb2 a5 15.b5 Nc5
16.Qg4 Bf6 17.Bxf6 Qxf6 18.Nc4 Rac8 19.Nfe5 Qe7 20.Rad1 f6 21.Nc6 Bxc6 22.bxc6 Rxc6
23.Rxd5 exd5 24.Bxd5+ Re6 25.Nxb6 Qd6 26.Bxe6+ Qxe6  1-0

[Event "YUURGU-65 GM"]
[Site "Chelyabinsk RUS"]
[Date "2008.10.08"]
[Round "7"]
[White "Gnusarev,P"]
[Black "Dvoirys,S"]
[Result "1/2-1/2"]
[WhiteElo "2364"]
[BlackElo "2552"]

1.d4 Nf6 2.c4 e6 3.Nf3 b6 4.g3 Ba6 5.Qc2 c5 6.d5 exd5 7.cxd5 d6 8.Nc3 b5
9.e4 Qb6 10.b4 Nbd7 11.a4 cxb4 12.axb5 Bb7 13.Na4 Qd8 14.Bd3 Ne5 15.Nxe5 dxe5
16.Nc5 Bxd5 17.exd5 Rc8 18.d6 Bxd6 19.Nb7 Rxc2 20.Nxd8 Rxc1+ 21.Rxc1 Kxd8
22.Rc6 Ke7 23.Kd2 Rd8 24.Ke3 Nd7 25.Rd1 Nc5 26.Bc4 Ne6 27.Bxe6 Kxe6 28.Ra6 Rd7
29.Rda1 Rb7 30.Rd1 Rb6 31.Rxb6 axb6 32.Kd3 e4+ 33.Kc4 Bc5 34.Re1 f5 35.Re2 g5
36.g4 fxg4 37.Rxe4+ Kf5 38.Re8 Kf4 39.Rh8 Bxf2 40.Kxb4 g3 41.hxg3+ Kxg3 42.Rxh7 g4
43.Kc3 Kf3 44.Kd2 Bd4 45.Rf7+  1/2-1/2

[Event "1st WMSG Blitz Team w"]
[Site "Beijing CHN"]
[Date "2008.10.13"]
[Round "10"]
[White "Topel,Z"]
[Black "Azarova,N"]
[Result "1-0"]
[WhiteElo "2214"]
[BlackElo "2308"]

1.d4 Nf6 2.c4 e6 3.Nf3 b6 4.g3 Ba6 5.b3 Bb4+ 6.Bd2 Be7 7.Bg2 c6 8.O-O O-O
9.Bc3 d5 10.Nbd2 Nbd7 11.Qc2 Rc8 12.e4 dxe4 13.Nxe4 b5 14.Ne5 c5 15.dxc5 bxc4
16.Rfd1 Qc7 17.Nxd7 Nxd7 18.c6 Nb8 19.bxc4 Nxc6 20.Qa4 Bb7 21.c5 Rfd8 22.Rxd8+ Rxd8
23.Rb1 Ba8 24.h4 Kh8 25.Ng5 Bxc5 26.Qg4 Ne5 27.Bxe5  1-0

[Event "1st WMSG Blitz Team w"]
[Site "Beijing CHN"]
[Date "2008.10.13"]
[Round "11"]
[White "Zenyuk,I"]
[Black "Xu Yuhua"]
[Result "0-1"]
[WhiteElo "2237"]
[BlackElo "2477"]

1.d4 e6 2.c4 Nf6 3.Nf3 b6 4.g3 Ba6 5.Qc2 Bb4+ 6.Bd2 Be7 7.Bg2 c6 8.O-O d5
9.Ne5 Nfd7 10.Nxd7 Nxd7 11.b3 O-O 12.cxd5 cxd5 13.Bf4 Rc8 14.Qd2 f5 15.a4 Nf6
16.f3 Qd7 17.Na3 Rc6 18.Nb5 Rfc8 19.Rac1 Bxb5 20.axb5 Rxc1 21.Rxc1 Rxc1+
22.Qxc1 Qxb5 23.Qc8+ Kf7 24.e4 dxe4 25.fxe4 fxe4 26.Qb7 Qd5 27.Qxa7 Qxd4+
28.Kf1 e5 29.Bg5 Qd3+ 30.Kg1  0-1

[Event "1st WMSG Blitz Team w KO"]
[Site "Beijing CHN"]
[Date "2008.10.14"]
[Round "2.1"]
[White "Gunina,V"]
[Black "Xu Yuhua"]
[Result "1-0"]
[WhiteElo "2381"]
[BlackElo "2477"]

1.d4 e6 2.c4 Nf6 3.Nf3 b6 4.g3 Ba6 5.b3 Bb4+ 6.Bd2 Be7 7.Bg2 c6 8.O-O d5
9.Ne5 Nfd7 10.Nxd7 Nxd7 11.Bc3 f5 12.Nd2 O-O 13.Re1 Bd6 14.e3 Qe7 15.Bf1 Bb7
16.Bg2 a5 17.Qc2 Ba6 18.Rad1 Rfc8 19.Qb2 Bc7 20.f3 b5 21.Qa1 a4 22.e4 b4
23.exd5 cxd5 24.Bb2 axb3 25.cxd5 Nb6 26.Rxe6 Qd7 27.Nxb3 Qxd5 28.Rde1 Bb7
29.Qb1 Nc4 30.R6e2 Nxb2 31.Qxb2 Bb6 32.f4  1-0

[Event "1st WMSG Rapid Team"]
[Site "Beijing CHN"]
[Date "2008.10.15"]
[Round "6"]
[White "Savickas,A"]
[Black "Lodhi,M"]
[Result "1-0"]
[WhiteElo "2358"]
[BlackElo "2394"]

1.d4 Nf6 2.Nf3 e6 3.c4 b6 4.g3 Ba6 5.b3 b5 6.cxb5 Bxb5 7.Bg2 Bb4+ 8.Bd2 a5
9.Ne5 d5 10.Nc3 Ba6 11.a3 Bd6 12.Na4 Nfd7 13.Nxd7 Nxd7 14.Qc2 Qe7 15.O-O O-O
16.Bxa5 Bxe2 17.Qxe2 Rxa5 18.Qc2 Rfa8 19.Ra2 g6 20.h4 h5 21.Re1 Qf6 22.Qd3 Bf8
23.Rc2 R8a7 24.Ra1 c5 25.Rd1 c4 26.bxc4 dxc4 27.Rxc4 Rxa4 28.Rc8 Rxa3 29.Qe4 Nb6
30.Rb8 Nd5 31.Rc1 Ra1 32.Rf1 Rxf1+ 33.Bxf1 Kg7 34.Bc4 Qf5 35.Qe2 Be7 36.Bd3 Qg4
37.Qe5+ Bf6 38.Qd6 Be7 39.Qc6 Ra1+ 40.Kh2 Qf3  1-0

[Event "1st WMSG Rapid Team"]
[Site "Beijing CHN"]
[Date "2008.10.15"]
[Round "6"]
[White "Burstein,R"]
[Black "Waqar,M"]
[Result "0-1"]
[WhiteElo "2331"]
[BlackElo "2207"]

1.d4 Nf6 2.c4 e6 3.Nf3 b6 4.g3 Ba6 5.Qc2 Bb7 6.Bg2 c5 7.d5 exd5 8.Nh4 Nc6
9.cxd5 Nb4 10.Qd1 Bxd5 11.Bxd5 Nbxd5 12.e4 Nc7 13.e5 Nfd5 14.O-O g6 15.Nc3 Nxc3
16.bxc3 Bg7 17.Qd6 Ne6 18.f4 Qc7 19.Qd5 O-O 20.Bb2 f6 21.c4 fxe5 22.Bxe5 Bxe5
23.fxe5 Kg7 24.Nf3 Rf7 25.Nd2 Raf8 26.Rxf7+ Rxf7 27.Ne4 Nd4 28.Nd6 Re7 29.Re1 Qc6
30.Kg2 Nc2 31.Re4 Qxd5 32.cxd5 Nb4 33.Nc8 Re8 34.Nd6 Re7 35.Nc8 Re8 36.Nd6 Re7
37.Nc8 Nxd5 38.Nxe7 Nxe7 39.Ra4 Nc6 40.Kf3 Kf7 41.Ke4 Ke6 42.Ra3 b5 43.Kf4 a5
44.g4 b4 45.Rh3 c4 46.Rxh7 b3 47.axb3 cxb3 48.Rh3 a4 49.Rd3 b2 50.Rd6+ Ke7  0-1

[Event "1st WMSG Rapid Team w"]
[Site "Beijing CHN"]
[Date "2008.10.16"]
[Round "7"]
[White "Houska,Jo"]
[Black "Hallaeva,B"]
[Result "1-0"]
[WhiteElo "2399"]
[BlackElo "2119"]

1.d4 e6 2.c4 Nf6 3.Nf3 b6 4.g3 Ba6 5.b3 Bb4+ 6.Bd2 Bxd2+ 7.Qxd2 O-O 8.Bg2 Bb7
9.O-O d5 10.cxd5 Bxd5 11.Nc3 Ne4 12.Nxe4 Bxe4 13.Rac1 Na6 14.Rfd1 Qd5 15.b4 c6
16.a3 Rfd8 17.Qf4 Rac8 18.Ne5 Bxg2 19.Qxf7+ Kh8 20.f3 Qa2 21.Kxg2 Qxe2+ 22.Kh1 Nc7
23.Qh5 Kg8 24.Nxc6 Nd5 25.Nxd8 Rxd8 26.Re1 Qd2 27.Qe5 Re8 28.Rc8  1-0

[Event "1st WMSG Rapid Team w"]
[Site "Beijing CHN"]
[Date "2008.10.16"]
[Round "9"]
[White "Sachdev,T"]
[Black "Zhao Xue"]
[Result "0-1"]
[WhiteElo "2425"]
[BlackElo "2518"]

1.d4 Nf6 2.c4 e6 3.Nf3 b6 4.g3 Ba6 5.b3 b5 6.cxb5 Bxb5 7.Bg2 d5 8.O-O Nbd7
9.Nc3 Ba6 10.Na4 Bb5 11.Nc3 Ba6 12.Na4 Bb5 13.Nc3 Ba6 14.Na4 Bd6 15.Bb2 O-O
16.Rc1 Rc8 17.Ne5 c5 18.Nxd7 Nxd7 19.dxc5 Nxc5 20.Qd4 Qf6 21.Nxc5 Bxc5 22.Qxf6 gxf6
23.Bxf6 Bxe2 24.Rfe1 Bd3 25.Bf1 Bxf1 26.Kxf1 Ba3 27.Rxc8 Rxc8 28.Re5 h6 29.Re2 Kh7
30.Bd4 a6 31.f4 Kg6 32.Kg2 h5 33.h3 Bd6 34.Kf3 Rc1 35.g4 Rh1 36.Kg2 Rd1 37.Be5 Bxe5
38.Rxe5 hxg4 39.hxg4 Rd2+ 40.Kf3 Rxa2 41.Rg5+ Kf6 42.Re5 Ke7 43.f5 Kf6 44.fxe6 fxe6
45.Re3 e5 46.g5+ Kf5  0-1

[Event "Autumn"]
[Site "Nea Filadelfia GRE"]
[Date "2008.10.20"]
[Round "1"]
[White "Konistis,L"]
[Black "Skalkotas,N"]
[Result "1/2-1/2"]
[WhiteElo "2035"]
[BlackElo "2276"]

1.d4 Nf6 2.c4 e6 3.Nf3 b6 4.g3 Ba6 5.Nbd2 Bb4 6.Qa4 c5 7.a3 Bxd2+ 8.Bxd2 Bb7
9.Bg2 O-O 10.O-O Bc6 11.Qc2 Be4 12.Qc1 Nc6 13.dxc5 bxc5 14.b4 Rc8 15.Bc3 d5
16.Bxf6 Qxf6 17.cxd5 Bxf3 18.dxc6 Bxg2 19.Kxg2  1/2-1/2

[Event "WYCC Boys U18"]
[Site "Vung Tau City VIE"]
[Date "2008.10.21"]
[Round "2"]
[White "Wiwatanadate,P"]
[Black "Rosberg,S"]
[Result "0-1"]
[WhiteElo "1992"]
[BlackElo "2222"]

1.d4 Nf6 2.c4 e6 3.Nf3 b6 4.g3 Ba6 5.b3 Bb4+ 6.Bd2 Be7 7.Bg2 c6 8.O-O d5
9.Qc2 O-O 10.Bf4 Nbd7 11.Ne5 Rc8 12.Nd2 c5 13.dxc5 Rxc5 14.b4 Rc8 15.Qa4 Nxe5
16.b5 Nxc4 17.Qxa6 Nxd2 18.Bxd2 Rc2 19.Rfd1 Qa8 20.e4 Nxe4 21.Bxe4 dxe4 22.Be3 Rd8
23.Rxd8+ Bxd8 24.Rd1 h6 25.Rd7 Rc7 26.Rxc7 Bxc7 27.a4 Qb8 28.a5 Kh7 29.axb6 Bxb6
30.Qa4 f5 31.Qc4 Bxe3 32.fxe3 Qd6 33.Qa4 Qd3 34.Qxa7 Qxb5 35.Qa2 Qd3 36.Kf2 Qd1
37.Qxe6 Qf3+ 38.Ke1 Qxe3+ 39.Kf1 Qf3+ 40.Ke1 e3  0-1

[Event "Vasylyshyn Mem"]
[Site "Lviv UKR"]
[Date "2008.10.23"]
[Round "3"]
[White "Zakhartsov,Vi"]
[Black "Zherebukh,Y"]
[Result "1/2-1/2"]
[WhiteElo "2537"]
[BlackElo "2473"]

1.d4 Nf6 2.Nf3 e6 3.c4 b6 4.g3 Ba6 5.Qb3 Nc6 6.Nbd2 d5 7.cxd5 Qxd5 8.Qxd5 Nxd5
9.a3 Bb7 10.b3 g5 11.Bb2 g4 12.e4 gxf3 13.exd5 exd5 14.Nxf3 Na5 15.Bc3 Bd6
16.Bd3 O-O 17.Bxa5 bxa5 18.Nh4 Bc8 19.Kd2 Rb8 20.Kc2 c5 21.Nf5 Bxf5 22.Bxf5 cxd4
23.Rad1 Bc5 24.Rhe1 Rfd8 25.Re5 Rd6 26.a4 h6 27.Rd3 Kf8 28.Kd1 Re8 29.Rxe8+ Kxe8
30.Bg4 Ke7 31.Ke2 Rc6 32.Kd1 Rc7 33.Rf3 Ba3 34.Rf5 Rc5 35.Bf3 Ke6 36.Bg4 Bb4
37.Rf3+ Ke5 38.Bf5 Rc6 39.Bc2 Ke6 40.Bf5+ Ke7 41.Bg4 Bc3 42.Bh5 f6 43.Bg4 Bb4
44.Bf5 Kd6 45.Bg6 Kc5 46.Kc2 Kd6+ 47.Kd3 Rc3+ 48.Ke2 Ke5 49.Rxc3 dxc3 50.Kd3 f5
51.Bf7 d4 52.f4+ Kf6 53.Be8 Ba3 54.Bh5 Ke6 55.Kc2 Be7 56.Bf3 Kf6  1/2-1/2

[Event "Vasylyshyn Mem"]
[Site "Lviv UKR"]
[Date "2008.10.24"]
[Round "5"]
[White "Nyzhnyk,I"]
[Black "Grekh,A"]
[Result "1/2-1/2"]
[WhiteElo "2444"]
[BlackElo "2391"]

1.d4 Nf6 2.c4 e6 3.Nf3 b6 4.g3 Ba6 5.Qa4 Be7 6.Bg2 c6 7.Nc3 O-O 8.Bf4 b5
9.cxb5 cxb5 10.Nxb5 Nd5 11.Nc3 Nxf4 12.gxf4 Qb6 13.Qb3 Qc7 14.Ne5 Nc6 15.Qa4 Bb7
16.Nxc6 Bxc6 17.Bxc6 dxc6 18.e3 Rab8 19.Rb1 c5 20.d5 Bf6 21.O-O Bxc3 22.bxc3 exd5
23.Rxb8 Rxb8 24.Rd1 Qc8 25.h3 Qxh3 26.Rxd5 h6 27.Qd1 Rb6 28.Rd6 Rb2 29.Rd2 Rxd2
30.Qxd2 Qg4+ 31.Kh2 Qf3 32.Kg1 c4 33.Qd7 h5  1/2-1/2

[Event "TCh-HUN 2008-9"]
[Site "Zalaegerszeg HUN"]
[Date "2008.10.26"]
[Round "1"]
[White "Izsak,Gyu"]
[Black "Papp,Ga"]
[Result "1/2-1/2"]
[WhiteElo "2434"]
[BlackElo "2509"]

1.d4 Nf6 2.Nf3 e6 3.c4 b6 4.g3 Ba6 5.Qc2 c5 6.Bg2 Bb7 7.O-O cxd4 8.Nxd4 Bxg2
9.Kxg2 Qc8 10.b3 Nc6 11.Bb2 Bc5 12.Nf3 Be7 13.Nbd2 Qb7 14.Kg1 Rc8 15.Rac1 a6
16.Rfd1 b5 17.Ne4 Nxe4 18.Qxe4 f5 19.Qb1 O-O 20.Qa1 Bf6 21.Bxf6 Rxf6 22.cxb5 axb5
23.Ne5 Nxe5 24.Qxe5 d5 25.a4 bxa4 26.bxa4 Ra8 27.Ra1 f4 28.a5 fxg3  1/2-1/2

[Event "Open A"]
[Site "Le Touquet FRA"]
[Date "2008.10.27"]
[Round "3"]
[White "Geirnaert,S"]
[Black "Sokolov,And1"]
[Result "1/2-1/2"]
[WhiteElo "2353"]
[BlackElo "2559"]

1.d4 Nf6 2.c4 e6 3.Nf3 b6 4.g3 Ba6 5.b3 d5 6.Bg2 Bb4+ 7.Bd2 Bd6 8.Ne5 O-O
9.O-O Bb7 10.cxd5 exd5 11.Nc3 Nbd7 12.Bf4 Ne4 13.Nxe4 dxe4 14.Qc2 Re8 15.Bxe4 Bxe4
16.Qxe4 Qe7 17.Qc6 Nxe5 18.Bxe5 Bxe5 19.dxe5 Qxe5 20.e3  1/2-1/2

[Event "Open A"]
[Site "Le Touquet FRA"]
[Date "2008.10.27"]
[Round "3"]
[White "Arkell,K"]
[Black "Cappon,J"]
[Result "1/2-1/2"]
[WhiteElo "2521"]
[BlackElo "2222"]

1.d4 Nf6 2.Nf3 e6 3.c4 b6 4.g3 Ba6 5.b3 Bb4+ 6.Bd2 Be7 7.Bf4 d5 8.cxd5 Nxd5
9.Bd2 Bb7 10.e4 Nf6 11.e5 Ne4 12.Bb5+ Nd7 13.O-O O-O 14.Be3 c5 15.Qe2 Qc7
16.Rc1 a6 17.Bd3 Qc6 18.dxc5 bxc5  1/2-1/2

[Event "WYCC Boys U18"]
[Site "Vung Tau City VIE"]
[Date "2008.10.27"]
[Round "8"]
[White "Karthikeyan,P"]
[Black "Tran Manh Tien"]
[Result "1/2-1/2"]
[WhiteElo "2426"]
[BlackElo "2159"]

1.d4 Nf6 2.c4 e6 3.Nf3 b6 4.g3 Ba6 5.b3 Bb4+ 6.Bd2 Be7 7.Bg2 c6 8.O-O d5
9.Qc2 O-O 10.Rd1 Nbd7 11.Bf4 Rc8 12.Nc3 b5 13.c5 b4 14.Nb1 Bb5 15.a4 Ba6
16.Re1 Ne4 17.Nfd2 f5 18.Nxe4 fxe4 19.Bh3 Rf6 20.f3 exf3 21.exf3 Nf8 22.Nd2 Rxf4
23.gxf4 Bf6 24.Qb2 Qc7 25.Rad1 Qxf4 26.Nf1 Qxf3 27.Ng3 Bg5 28.Qf2 Qxb3 29.Kh1 Bd3
30.Bg4 Qc2 31.Qf3 Bg6 32.Re5 Bh4 33.Rf1 b3 34.Re2 Qd3 35.Re3 Qxd4 36.Rxb3 Bxg3
37.Qxg3 Be4+ 38.Bf3 Qc4 39.Rg1 Ng6 40.Re3 Bxf3+ 41.Qxf3 Nf4 42.Qg4 Qd4 43.Qg5 Rf8
44.h4 g6 45.Qe5 Qxe5 46.Rxe5 Rb8 47.Ree1 Rb4 48.Rb1 Rxa4 49.Rb7 Ne2 50.Rgb1 Rxh4+
51.Kg2 Rf4 52.Rc7 Rf7 53.Rxc6 Nd4 54.Rc8+ Rf8 55.Rc7 Rf7 56.Rc8+ Rf8 57.Rc7 Rf7
58.Rc8+ Rf8  1/2-1/2

[Event "WYCC Boys U16"]
[Site "Vung Tau City VIE"]
[Date "2008.10.28"]
[Round "9"]
[White "Pascua,H"]
[Black "Rojas Alarcon,J"]
[Result "1-0"]
[WhiteElo "2307"]
[BlackElo "2187"]

1.d4 Nf6 2.c4 e6 3.Nf3 b6 4.g3 Ba6 5.b3 b5 6.Bg2 bxc4 7.Nfd2 Nc6 8.Nxc4 d5
9.O-O Be7 10.Nb2 O-O 11.Nc3 Qb8 12.Nba4 Qb4 13.Bb2 Rab8 14.Rc1 Nxd4 15.a3 Qxb3
16.Qxd4 c5 17.Qd1 d4 18.Ne4 Nd7 19.Ba1 Rfc8 20.Re1 e5 21.Qxb3 Rxb3 22.Bh3 Rb7
23.f4 c4 24.fxe5 c3 25.e6 fxe6 26.Bxe6+ Kh8 27.Rc2 Bxa3 28.Ng5 h5 29.Rd1 Re8
30.Rxd4 Nc5 31.Nxc5 Bxc5 32.Bxc3 Rbe7 33.e3 Rxe6 34.Nxe6 Rxe6 35.Rd8+ Kh7
36.Bd4 Bb6 37.Rd7 Rg6 38.Bxb6 axb6 39.Rd4 Re6 40.Kf2 Rf6+ 41.Rf4 Rd6 42.Rb2 Rc6
43.Rfb4 Rf6+ 44.Ke1 Re6 45.R2b3 b5 46.Kd2 Rf6 47.Rb2 Kg6 48.e4 Rf1 49.Ke3 Rc1
50.Rd4 Rc3+ 51.Rd3 Rc6 52.Rbd2 Re6 53.Rd6 Kf6 54.Rxe6+ Kxe6 55.Rd5 g6 56.Rg5 Kf7
57.Rc5 b4 58.Rc7+ Kg8 59.Rc6  1-0

[Event "WYCC Boys U16"]
[Site "Vung Tau City VIE"]
[Date "2008.10.29"]
[Round "10"]
[White "Dong Bao Nghia"]
[Black "Binder,Mi"]
[Result "1/2-1/2"]
[WhiteElo "2019"]
[BlackElo "2181"]

1.d4 Nf6 2.c4 e6 3.Nf3 b6 4.g3 Ba6 5.Qc2 c5 6.Bg2 Nc6 7.dxc5 Bxc5 8.O-O Rc8
9.a3 Bb7 10.Nc3 O-O 11.Rd1 a6 12.Bg5 Be7 13.b4 Qc7 14.Rac1 d6 15.Qb1 Rfd8
16.Nd5 exd5 17.cxd5 Qb8 18.dxc6 Bxc6 19.Rd4 Qb7 20.Rcd1 h6 21.Bxf6 Bxf6 22.Rxd6 Rxd6
23.Rxd6 Be4 24.Qd1 Rc3 25.h3 Rxa3 26.Kh2 Qc7 27.Rd7 Qc2 28.Qxc2 Bxc2 29.Rb7 b5
30.Ne1 Bb3 31.Nd3 Bc4 32.Be4 g6 33.Kg2 Bc3 34.h4 Ra4 35.h5 g5 36.Kh2 Bxb4
37.Nb2 Ra2 38.Nxc4 Rxe2 39.Bd5 Rxf2+ 40.Kh1 bxc4 41.Rxb4 c3 42.Rb1 c2 43.Rc1 Rd2
44.Bb3 Rd3 45.Bxc2 Rxg3 46.Kh2 Ra3 47.Be4 Ra4 48.Bf3 Kg7 49.Rc7 Rf4 50.Kg3 a5
51.Ra7 a4 52.Bd1 Rf6 53.Rxa4 Rf4 54.Ra5 Rf6 55.Bg4 Rf4 56.Bh3 Rf6 57.Bf5 Rb6
58.Kf3 Kf6 59.Bd3 Rd6 60.Ke3 Kg7 61.Ra7 Rf6 62.Be4 Rf4 63.Bd5 Rf6 64.Ke4 Rf4+
65.Ke5 Rf6 66.Ra4 Rf4 67.Ra7 Rf6  1/2-1/2

[Event "WYCC Boys U18"]
[Site "Vung Tau City VIE"]
[Date "2008.10.30"]
[Round "11"]
[White "Mustafaev,J"]
[Black "Darini,P"]
[Result "1/2-1/2"]
[WhiteElo "2393"]
[BlackElo "2263"]

1.d4 Nf6 2.Nf3 e6 3.c4 b6 4.g3 Ba6 5.b3 Bb4+ 6.Bd2 Be7 7.Qc2 O-O 8.Bg2 d5
9.Ne5 c6 10.Bc3 Nfd7 11.Nd2 Nxe5 12.dxe5 Nd7 13.O-O b5 14.cxd5 cxd5 15.Bd4 Rc8
16.Qb2 b4 17.Nf3 Qa5 18.Rfc1 Nc5 19.a3 Bb7 20.Nd2 a6 21.Bf1 bxa3 22.Rxa3 Qb4
23.Bc3 Qg4 24.Raa1 Nd7 25.e3 Qf5 26.Bd4 Nc5 27.Bxc5 Bxc5 28.b4 Bb6 29.Bxa6 Rxc1+
30.Qxc1 Ba8 31.Qc3 f6 32.Bd3 Qxe5 33.Qxe5 fxe5 34.Rb1 Rb8 35.Be2 Bc6 36.Nf3 e4
37.Ne5 Be8 38.Bg4 Bb5 39.Bxe6+ Kf8 40.Ra1 d4 41.Kg2 dxe3 42.fxe3 Bxe3 43.Bc4 Bd4
44.Bxb5 Bxe5 45.Rf1+ Ke7 46.Bc6 Rxb4 47.Re1 Rb2+ 48.Kh1 Kd6 49.Bxe4 h5 50.Rd1+ Ke6
51.Bd5+ Kf5 52.Rf1+ Kg5 53.Re1 Bb8 54.Re4 Rd2 55.Bc4 Kf5 56.Re2 Rd1+ 57.Kg2 Ba7
58.h4  1/2-1/2

[Event "ch-BRA s/f"]
[Site "Dois Irmaos BRA"]
[Date "2008.11.01"]
[Round "4"]
[White "Molina,Rob"]
[Black "Calcado,A"]
[Result "1/2-1/2"]
[WhiteElo "2395"]
[BlackElo "2184"]

1.d4 Nf6 2.c4 e6 3.Nf3 b6 4.g3 Ba6 5.Qa4 Be7 6.Nc3 Bb7 7.Bg2 O-O 8.O-O Ne4
9.Qc2 Nxc3 10.Qxc3 Bf6 11.Qd3 d5 12.cxd5 exd5 13.Bf4 Re8 14.Qc2 c6 15.Rac1 Nd7
16.Rfd1 Nf8 17.Be3 Nd7 18.h4 Qe7 19.a3 a5 20.Rd2 b5 21.Bg5 a4 22.Bxf6 Qxf6
23.e4 Nb6 24.exd5 cxd5 25.Ng5 g6 26.Rd3 Rac8 27.Qd2 Rxc1+ 28.Qxc1 Qc6 29.Rc3 Nc4
30.Nh3 Qf6 31.b3 axb3 32.Rxb3 Qxd4 33.Rxb5 Bc6 34.Rb4 Qd2 35.Qxd2 Nxd2 36.Rb6 Re1+
37.Kh2 Rc1 38.Nf4 Ne4 39.Rxc6 Rxc6 40.Nxd5 Rc2 41.Bxe4 Rxf2+ 42.Kh3 Ra2 43.g4 Rxa3+
44.Kg2 Kg7 45.Bf3 Ra4 46.Kg3 Rd4 47.Nf4 Ra4 48.Nh3 Rb4 49.Ng5 h6 50.Nh3 Ra4
51.Nf2 Rd4 52.Ne4 f5 53.gxf5 Rxe4 54.f6+ Kxf6 55.Bxe4 g5 56.h5 Ke5 57.Bb1 Kf6
58.Kf3 Ke5 59.Ke3 Kf6 60.Ke4 Kg7  1/2-1/2

[Event "TCh-HUN 2008-9"]
[Site "Szombathely HUN"]
[Date "2008.11.02"]
[Round "2"]
[White "Pataki,G"]
[Black "Nemeth,Mi1"]
[Result "1/2-1/2"]
[WhiteElo "2325"]
[BlackElo "2479"]

1.d4 Nf6 2.c4 e6 3.Nf3 b6 4.g3 Ba6 5.Qa4 c5 6.Bg2 Bb7 7.O-O Be7 8.Nc3 O-O
9.Rd1 cxd4 10.Nxd4 Bxg2 11.Kxg2 Qc8 12.Bg5 a6 13.f3  1/2-1/2

[Event "Open"]
[Site "Kaikoura NZL"]
[Date "2008.11.09"]
[Round "4"]
[White "Johansen,D"]
[Black "Chandler,M"]
[Result "1/2-1/2"]
[WhiteElo "2446"]
[BlackElo "2515"]

1.Nf3 Nf6 2.c4 e6 3.d4 b6 4.g3 Ba6 5.Qa4 Bb7 6.Bg2 c5 7.dxc5 bxc5 8.Nc3 Be7
9.O-O O-O 10.Rd1 Qb6 11.Qb5 Qc7 12.Bf4 d6 13.Qa4 a6 14.a3 h6 15.Rac1 Nc6
16.b4 e5 17.Be3  1/2-1/2

[Event "Open"]
[Site "Kaikoura NZL"]
[Date "2008.11.11"]
[Round "7"]
[White "Smith,Ro"]
[Black "Chandler,M"]
[Result "1/2-1/2"]
[WhiteElo "2316"]
[BlackElo "2515"]

1.d4 Nf6 2.c4 e6 3.Nf3 b6 4.g3 Ba6 5.b3 Bb4+ 6.Bd2 Be7 7.Nc3 d5 8.cxd5 exd5
9.Bg2 O-O 10.O-O Re8 11.Bg5 Nbd7 12.Rc1 c6 13.Bxf6 Nxf6 14.Ne5 Rc8 15.Re1 Bd6
16.f4 Bb4 17.Rf1 c5 18.Na4 Ne4 19.Bxe4 dxe4 20.d5 Bb7 21.d6 Re6 22.d7 Rc7
23.Qc2 Rxe5 24.fxe5 Rxd7 25.Rcd1 Bd2 26.Nc3 Be3+ 27.Kg2 Bd4 28.Nb5 g6 29.Nxd4 cxd4
30.Qc4 Rd5 31.Kg1 Qd7 32.Rf6 e3 33.Rdf1 b5 34.Qd3 Qh3 35.Rxf7 Rd7 36.Rf8+ Kg7
37.R8f3 a6 38.a4 bxa4 39.bxa4 Bxf3 40.Rxf3 Qe6 41.Qe4 Rd5 42.Rf4 Qxe5 43.Qxe5+ Rxe5
44.Rxd4 a5 45.Kg2 Rf5 46.Rf4 Rh5 47.h4 Rc5 48.Re4 Kf6 49.Kf3 h5 50.Kxe3 g5
51.hxg5+ Kxg5 52.Kf3 Rc3+ 53.Re3 Rc5 54.Rd3 Rf5+ 55.Kg2 Re5 56.e3 Re4 57.Rd5+ Kg6
58.Rxa5 Rxe3 59.Rc5 h4 60.gxh4 Re4 61.a5 Rxh4 62.Kf3 Ra4 63.Ke3 Kf6 64.Kd3 Ke6
65.Kc3 Kd6 66.Rh5 Kc6 67.Kb3 Ra1 68.Kb4  1/2-1/2

[Event "38th Olympiad w"]
[Site "Dresden GER"]
[Date "2008.11.22"]
[Round "9"]
[White "Colombo,C"]
[Black "Sammalvuo,N"]
[Result "0-1"]
[WhiteElo "2071"]
[BlackElo "2245"]

1.d4 Nf6 2.c4 e6 3.Nf3 b6 4.g3 Ba6 5.b3 Bb4+ 6.Bd2 Be7 7.Bg2 c6 8.O-O d5
9.Bc3 Ne4 10.Bb2 Nd7 11.Nbd2 Ndf6 12.Ne5 Nxd2 13.Qxd2 Rc8 14.Rfe1 O-O 15.Rad1 Bd6
16.f4 Qc7 17.Rc1 Qe7 18.a3 Bb7 19.b4 c5 20.dxc5 bxc5 21.b5 Rfd8 22.Qc2 Bxe5
23.fxe5 Ng4 24.e3 dxc4 25.h3 Nh6 26.Qxc4 Nf5 27.g4 Nh4 28.e4 Qg5 29.Rc2 Ng6
30.Qc3 h6 31.Qe3 Rd1 32.Re2 Qxe3+ 33.Rxe3 Rcd8 34.Kf1 Nf4 35.Bf3 Rxe1+ 36.Rxe1 Rd3
37.Bd1 Rxh3 38.Kg1 Nd3 39.Re2 Nxb2 40.Rxb2 Bxe4 41.Rd2 Rxa3 42.Be2 Bd5 43.Rc2 c4
44.Bxc4 Bxc4 45.Rxc4 Rb3 46.Rc5 Rg3+ 47.Kf2 Rxg4 48.Rc8+ Kh7 49.Rc7 Rb4 50.Rxf7 Rxb5
51.Rxa7 Rxe5  0-1

[Event "38th Olympiad"]
[Site "Dresden GER"]
[Date "2008.11.22"]
[Round "9"]
[White "Werle,J"]
[Black "Zhumabayev,R"]
[Result "1-0"]
[WhiteElo "2582"]
[BlackElo "2490"]

1.d4 Nf6 2.c4 e6 3.Nf3 b6 4.g3 Ba6 5.Qc2 Bb4+ 6.Bd2 Be7 7.e4 d5 8.cxd5 Bxf1
9.Kxf1 exd5 10.e5 Ne4 11.Nc3 Nxd2+ 12.Qxd2 Qd7 13.Kg2 Nc6 14.Qc2 O-O 15.Qa4 Rfd8
16.Rac1 Nb4 17.Qxd7 Rxd7 18.Rhd1 Na6 19.h4 Bf8 20.a3 c6 21.Ng5 Rc8 22.f4 Nc7
23.f5 c5 24.Ne2 Re8 25.Nf3 a5 26.g4 Nb5 27.a4 Nxd4 28.Nexd4 cxd4 29.Rxd4 Bc5
30.Rd3 g6 31.f6 h6 32.Kg3 Kf8 33.Kf4 Red8 34.h5 gxh5 35.gxh5 Kg8 36.Rc2 Kh7
37.Rg2 Rg8 38.Rxg8 Kxg8 39.Kf5 Kf8 40.Nd4 Ke8 41.Rg3 Rb7 42.e6 fxe6+ 43.Kxe6 Kf8
44.Nf5 Rh7 45.Rg7  1-0

[Event "9th Open"]
[Site "Liberec CZE"]
[Date "2008.11.22"]
[Round "9"]
[White "Simon,Petr"]
[Black "Novotny,L"]
[Result "0-1"]
[WhiteElo "1878"]
[BlackElo "1948"]

1.d4 Nf6 2.c4 e6 3.Nf3 b6 4.g3 Ba6 5.Qc2 c6 6.Bg2 d5 7.cxd5 cxd5 8.Bf4 Bb4+
9.Nbd2 O-O 10.Qa4 Bd6 11.Bxd6 Qxd6 12.Rc1 Qd7 13.Qd1 Qb5 14.b3 Nbd7 15.O-O Qxe2
16.Rc7 Qxd1 17.Rxd1 Rfc8 18.Rdc1 Ne8 19.Rxc8 Rxc8 20.Rxc8 Bxc8 21.Bf1 f6
22.h4 Nd6 23.Bd3 Nb8 24.a3 Ba6 25.Ne1 Bxd3 26.Nxd3 Nb5  0-1

[Event "21st Belgrade Trophy"]
[Site "Obrenovac SRB"]
[Date "2008.11.27"]
[Round "1"]
[White "Ostojic,N1"]
[Black "Marinkov,S"]
[Result "1/2-1/2"]
[WhiteElo "2398"]
[BlackElo "2026"]

1.d4 Nf6 2.c4 e6 3.Nf3 b6 4.g3 Ba6 5.Nbd2 Bb7 6.Bg2 c5 7.e4 cxd4 8.e5 Ng4
9.O-O Qc7 10.Re1 Nc6 11.h3 Nh6 12.Nb3 Bb4 13.Re2 Nf5 14.g4 Nfe7 15.Nbxd4 Nxd4
16.Qxd4 Ng6 17.Bd2 Bc5 18.Qc3 Rc8 19.Rc1 O-O 20.b4 Be7 21.Ne1 Nh4 22.Bxb7 Qxb7
23.Qg3 Rc7 24.b5 Rfc8 25.Qd3 Bc5 26.Kh2 h6 27.Kg3 Be7 28.Kh2 a5 29.Qe4 d5
30.exd6 Bxd6+ 31.Kg1 Qb8 32.Ng2 Ng6 33.f4 Rd7 34.Kh1 Rcd8 35.Bc3 Bxf4 36.Nxf4 Nxf4
37.Be5 Nxe2 38.Bxb8 Nxc1 39.Bf4 Nd3 40.Be3 Rd6 41.Qb7 R8d7 42.Qb8+ Rd8 43.Qc7 R8d7
44.Qb8+  1/2-1/2

[Event "21st Belgrade Trophy"]
[Site "Obrenovac SRB"]
[Date "2008.11.27"]
[Round "1"]
[White "Djurdjevic,P2"]
[Black "Ristic,Neb2"]
[Result "0-1"]
[WhiteElo "2000"]
[BlackElo "2374"]

1.Nf3 Nf6 2.c4 e6 3.d4 b6 4.g3 Ba6 5.b3 b5 6.Bg2 bxc4 7.Nfd2 d5 8.bxc4 c6
9.Qa4 Qd7 10.Nc3 Be7 11.e3 O-O 12.O-O Qc8 13.Re1 Nbd7 14.c5 e5 15.f4 e4 16.Bf1 Bxf1
17.Nxf1 h5 18.h3 Bxc5 19.dxc5 Nxc5 20.Qd1 Nd3 21.Re2 Qxh3 22.Rh2 Qf5 23.Ba3 c5
24.Rb1 a6 25.Na4 Rac8 26.Rb3 Rc6 27.Rc2 Rfc8 28.Rbc3 c4 29.Rh2 Ng4 30.Rg2 Rb8
31.Nb2 Rcb6 32.Nxd3 exd3 33.Bc5 Rb2 34.Bd4 Rxg2+ 35.Kxg2 Rb2+ 36.Kg1 Nf2
37.Qf3 Nh3+ 38.Kh1 d2 39.Nxd2 Rxd2 40.Rc1 Nf2+ 41.Kg1 Ne4 42.Rd1 Rxa2 43.Ra1 Rc2
44.Qh1 Nxg3 45.Qh4 Ne2+  0-1

[Event "UTD Invitational IM"]
[Site "Richardson USA"]
[Date "2008.11.27"]
[Round "4"]
[White "Vedrickas,T"]
[Black "Kraai,J"]
[Result "0-1"]
[WhiteElo "2268"]
[BlackElo "2502"]

1.d4 Nf6 2.c4 e6 3.Nf3 b6 4.g3 Ba6 5.Qc2 c5 6.d5 exd5 7.cxd5 g6 8.Nc3 Bg7
9.Bg2 O-O 10.O-O d6 11.Rd1 Nbd7 12.Bf4 Qe7 13.e4 Ng4 14.Bg5 f6 15.Bf4 Nde5
16.Ne1 g5 17.Bc1 Rae8 18.Rb1 f5 19.h3 Nh6 20.b4 f4 21.bxc5 bxc5 22.Qa4 Bc8
23.Nb5 a6 24.Na3 fxg3 25.fxg3 g4  0-1